Locations in Orinoco Flow (Sail Away) - Statistics

General Stats
  • This quiz has been taken 8 times
  • The average score is 12 of 20
Answer Stats
Type Location Hint Answer % Correct
Other A state on the west coast of the US Cali (California)
100%
Islands Popular tourist location in Indonesia Bali
88%
Cities Capital of Guinea-Bissau Bissau
88%
Countries Oceania, west Pacific Ocean Palau
88%
Islands A central island in the Phillipines Cebu
75%
Cities Capital of Sudan Khartoum
75%
Cities Capital of Libya Tripoli
75%
Cities Ancient city located in Iraq Babylon
63%
Other River in South America, through Venezuela and Colombia Orinoco River
63%
Countries West coast of South America Peru
63%
Seas Between China and the Korean Peninsula Yellow Sea
63%
Islands Fictional, from Arthurian legend Avalon
50%
Seas North-east coast of Australia Coral Sea
50%
Countries Oceania, South Pacific Ocean Fiji
50%
Islands A western island of Scotland Tiree
50%
Other An Antarctic region claimed by New Zealand Ross Dependency
38%
Seas Fictional, created for this song Sea of Clouds
38%
Islands Fictional, named after the lyricist's daughter Isles of Ebony
25%
Islands The latin name for the Inner Hebrides, Scotland Ebudæ
13%
Islands Fictional, created for this song Island of the Moon
13%
No matching quizzes found
Score Distribution
Percent of People with Each Score
Percentile by Number Answered
Your Score History
You have not taken this quiz